Investovanie do drahých kameňov

Vznik obchodu s diamantmi. Určovanie ceny diamantu. Obchodovanie s investičnými diamantmi. Vývoj ceny za 1, 3 a 5 karátový diamant (1998-2008). Ostatné drahé kamene - zafír, rubín, smaragd, drahý opál. Diamant ako vhodný investičný nástroj pre dlhodobú investíciu a pri diverzifikácii rizika v portfó...

Ausführliche Beschreibung

Gespeichert in:
Bibliographische Detailangaben
1. Verfasser: Vovková, Katarína, 1977-
Weitere Verfasser: Vovk, Martin, 1976-
Format: Buchkapitel
Sprache:Slowakisch
Schlagworte:
Tags: Tag hinzufügen
Keine Tags, Fügen Sie das erste Tag hinzu!

MARC

LEADER 00000naa a2200000 4500
001 0135659
005 20240502072524.1
041 0 |a slo 
044 |a SK 
245 1 0 |a Investovanie do drahých kameňov  |c Katarína Vovková, Martin Vovk 
520 |a Vznik obchodu s diamantmi. Určovanie ceny diamantu. Obchodovanie s investičnými diamantmi. Vývoj ceny za 1, 3 a 5 karátový diamant (1998-2008). Ostatné drahé kamene - zafír, rubín, smaragd, drahý opál. Diamant ako vhodný investičný nástroj pre dlhodobú investíciu a pri diverzifikácii rizika v portfóliu investora. 
610 2 0 |a investície 
610 2 0 |a investovanie 
610 2 0 |a investori 
610 2 0 |a ceny 
610 2 0 |a vývoj 
610 2 0 |a obchod 
610 2 0 |a história 
100 1 |a Vovková, Katarína, 1977- 
700 1 |a Vovk, Martin, 1976-